000 00597nmm a2200193Ia 4500
008 251105s9999||||xx |||||||||||||||||und||
020 _a847030593X
041 _aspa
100 _aLafontaine, Oskar
245 0 _aNo hay que tener miedo a la globalización :
_b Bienestar y trabajo para todos
264 _a[Madrid, España] :
_bBiblioteca Nueva,
_c1998
300 _a336 páginas
490 _aEnsayo Pensamiento
650 _aEconomics and Business
700 _aLafontaine, Oskar
700 1 _a Müller, Christa
856 _uhttps://public.digitaliapublishing.com/a/5476
942 _cCF
999 _c67610
_d67610